El desarrollo de las ideas en las ciencias naturales é importancia de la induccion y deduccion en las referidas ciencias (Record no. 157723)
[ view plain ]
| 000 -LEADER | |
|---|---|
| campo de control de longitud fija | 00914nam a22002055i 4500 |
| 001 - NÚMERO DE CONTROL | |
| campo de control | 157723 |
| 003 - IDENTIFICADOR DE NÚMERO DE CONTROL | |
| campo de control | ES-MaACL |
| 005 - FECHA Y HORA DE LA ÚLTIMA TRANSACCIÓN | |
| campo de control | 20250723094415.0 |
| 008 - DATOS DE LONGITUD FIJA--INFORMACIÓN GENERAL | |
| campo de control de longitud fija | 000119s1867 sp |||| | spa d |
| 040 ## - FUENTE DE CATALOGACIÓN | |
| Centro catalogador/agencia de origen | CCPB | B |
| Lengua de catalogación | spa |
| Centro/agencia transcriptor | CCPB | B |
| 100 1# - ENTRADA PRINCIPAL--NOMBRE DE PERSONA | |
| Nombre de persona | Liebig, Justus von. |
| 9 (RLIN) | 128946 |
| 245 13 - MENCIÓN DEL TÍTULO | |
| Título | El desarrollo de las ideas en las ciencias naturales é importancia de la induccion y deduccion en las referidas ciencias |
| Resto del título | : estudios filosóficos / |
| Mención de responsabilidad, etc. | por el baron Justo de Liebig ... ; traducido al español por D.R.T.M. de Luna. |
| 260 ## - PUBLICACIÓN, DISTRIBUCIÓN, ETC. | |
| Lugar de publicación, distribución, etc. | Madrid : |
| Nombre del editor, distribuidor, etc. | librería de Sanchez, |
| Fecha de publicación, distribución, etc. | 1867 ( |
| Fabricante | Imp. de A. Peñuelas) |
| 300 ## - DESCRIPCIÓN FÍSICA | |
| Extensión | 72 p. ; |
| Dimensiones | 15 cm. |
| 650 ## - PUNTO DE ACCESO ADICIONAL DE MATERIA--TÉRMINO DE MATERIA | |
| Término de materia o nombre geográfico como elemento de entrada | Ciencia- |
| Subdivisión general | Filosofía. |
| 9 (RLIN) | 10950 |
| 700 1# - ENTRADA AGREGADA--NOMBRE PERSONAL | |
| Nombre de persona | Torres Muñoz de Luna, Ramón, |
| Fechas asociadas al nombre | 1822-1890 |
| 9 (RLIN) | 133329 |
| 852 ## - LOCALIZACIÓN | |
| Ubicación | ES-MaACL |
| Número de control de estantería | T-199-F-2 |
| Nota libre | -- Enc. hol. |
| condición física | -- Falto de la cub. original |
| Nota libre | -- Enc. en un vol. facticio |
| Estatus retirado | Estado de pérdida | Estado de daño | No para préstamo | Colección | Biblioteca de origen | Biblioteca actual | Ubicación en estantería | Fecha de adquisición | Total de préstamos | Signatura topográfica completa | Código de barras | Visto por última vez | Precio de reemplazo | Tipo de ítem Koha |
|---|---|---|---|---|---|---|---|---|---|---|---|---|---|---|
| Colección de folletos | Biblioteca del Ateneo de Madrid | Biblioteca del Ateneo de Madrid | Depósito folletos | 17/01/2008 | T-199-F-2 | 1165056 | 23/02/2023 | 23/02/2023 | Folleto |
